01073nam a2200277 a 4500001001300000003000900013005001700022008004100039020001000080082001800090100002800108245007800136260004300214300001000257500003500267505001600302650001900318700002800337902000800365942000700373952009700380952009700477952009700574952010900671999001500780nice12345678IN_TiNIC20260116011518.0050524s1919 lona grp 000 0 eng  ac10000a297.1226bSTA aStanton, H U Weitbrecht aTeaching of the Qur`anb With an Account of Its Growth and a Subject Inde aLondonbCentral Board of Missionc1919 a134p. aincludes index and biblioraphy2 aArabic-Urdu aQuran-Theology1 aStanton, H U Weitbrecht bSRS cBK 00104070aHMIbHMId0000-00-00g100.00l0o297.1226 STAp147r0000-00-00w2026-01-16yARB 00104070aHMIbHMId0000-00-00g100.00l0o297.1226 STAp148r0000-00-00w2026-01-16yARB 00104070aHMIbHMId0000-00-00g100.00l0o297.1226 STAp149r0000-00-00w2026-01-16yARB 00104070aHMIbHMId0000-00-00g100.00l1o297.1226 STAp3036r2017-11-24s2017-11-20w2026-01-16yEB c2192d2192